Hybrid ADCs, smart sensors for the IoT, and sub-1V & advanced node analog circuit design: (Record no. 6785)
[ view plain ]
| 000 -LEADER | |
|---|---|
| fixed length control field | 00698nam a22001937a 4500 |
| 003 - CONTROL NUMBER IDENTIFIER | |
| control field | OSt |
| 005 - DATE AND TIME OF LATEST TRANSACTION | |
| control field | 20220107122859.0 |
| 008 - FIXED-LENGTH DATA ELEMENTS--GENERAL INFORMATION | |
| fixed length control field | 201012b xxu||||| |||| 00| 0 eng d |
| 020 ## - INTERNATIONAL STANDARD BOOK NUMBER | |
| International Standard Book Number | 9783319612843 |
| 040 ## - CATALOGING SOURCE | |
| Transcribing agency | IIITMK |
| 100 ## - MAIN ENTRY--PERSONAL NAME | |
| Personal name | Harpe, Pieter (Eds.) |
| 9 (RLIN) | 18225 |
| 245 ## - TITLE STATEMENT | |
| Title | Hybrid ADCs, smart sensors for the IoT, and sub-1V & advanced node analog circuit design: |
| Remainder of title | Advances in analog circuit design 2017 |
| Statement of responsibility, etc. | Pieter Harpe, Kofi A. A. Makinwa, Andrea Baschirotto |
| 260 ## - PUBLICATION, DISTRIBUTION, ETC. | |
| Place of publication, distribution, etc. | Switzerland, |
| Name of publisher, distributor, etc. | Springer, |
| Date of publication, distribution, etc. | 2018 |
| 300 ## - PHYSICAL DESCRIPTION | |
| Extent | xi, 359p. |
| 440 ## - SERIES STATEMENT/ADDED ENTRY--TITLE | |
| Title | Springer series in Analog circuit design |
| 9 (RLIN) | 18226 |
| 700 ## - ADDED ENTRY--PERSONAL NAME | |
| Personal name | Makinwa, Kofi A. A. |
| 9 (RLIN) | 18227 |
| 700 ## - ADDED ENTRY--PERSONAL NAME | |
| Personal name | Baschirotto, Andrea |
| 9 (RLIN) | 18228 |
| 942 ## - ADDED ENTRY ELEMENTS (KOHA) | |
| Source of classification or shelving scheme | Dewey Decimal Classification |
| Koha item type | Books |
| Withdrawn status | Lost status | Source of classification or shelving scheme | Damaged status | Not for loan | Collection code | Home library | Current library | Shelving location | Date acquired | Cost, normal purchase price | Total Checkouts | Full call number | Barcode | Date last seen | Price effective from | Koha item type |
|---|---|---|---|---|---|---|---|---|---|---|---|---|---|---|---|---|
| Dewey Decimal Classification | Non Fiction | Kerala University of Digital Sciences, Innovation and Technology Knowledge Centre | Kerala University of Digital Sciences, Innovation and Technology Knowledge Centre | Applied Electronics | 12/10/2020 | 8252.00 | 621.3815 HAR/H | 5707 | 03/12/2020 | 12/10/2020 | Books |